| 000 | 00711nam a2200253Ia 4500 | ||
|---|---|---|---|
| 003 | OSt | ||
| 005 | 20221006144626.0 | ||
| 006 | a|||||r|||| 00| 0 | ||
| 007 | ta | ||
| 008 | 221006b |||||||| |||| 00| 0 eng d | ||
| 020 |
_c _12.50 |
||
| 024 | _a12,179 | ||
| 037 | _cTextual | ||
| 040 |
_aEASL _cEASL _beng |
||
| 041 |
_2eng _aeng |
||
| 082 | _aV41.K7, L5 | ||
| 100 |
_aOXNAM Robert B _9652466 |
||
| 245 | 0 |
_aRuling from horseback _bManchu political in the oboi regency 1661-1669 |
|
| 260 |
_aChicago _bUniversity of Chicago _c1975 |
||
| 300 |
_a250p. _ccm. |
||
| 650 |
_aChina histroy Kang-hsi _9652467 |
||
| 942 |
_hV41.K7, L5 _cTEXL _2CC |
||
| 999 |
_c1080265 _d1080265 |
||